| 000 | 01324nam a2200241 ar4500 | ||
|---|---|---|---|
| 001 | 3667 | ||
| 005 | 20221127090803.0 | ||
| 008 | 140128s su a 00010|ara d | ||
| 020 | _a9789960171555 | ||
| 082 | 0 | 4 |
_a378.101 _bب116 |
| 100 | 1 | _aباربر، ماكل. | |
| 245 | 1 | 2 |
_aالانهيار الجليدي قادم : _bالتعليم العالي والثورة القادمة / _cمايكل باربر، كاتلين دونلي، سعد رضوي ؛ ترجمة مركز البحوث والدراسات - وزارة التعليم العالي. |
| 260 |
_aالرياض : _bوزارة التعليم العالي، _c1435[2013]. |
||
| 300 |
_a107 ص. : _bايض. ملونة ؛ _c24 سم. |
||
| 440 | 0 |
_aسلسلة اصدارات مركز البحوث والدراسات ؛ _v25. |
|
| 500 | _aترجمة لكتاب : An avalanche is coming / Michael Barber, K. Donnelly, Saad Rizvi.2013. | ||
| 504 | _aيتضمن ببليوجرافيا. | ||
| 650 | 4 |
_aالتعليم العالي _xتنظيم وادارة. |
|
| 650 | 4 |
_aالجامعات والكليات _xتنظيم وادارة. |
|
| 700 | 0 |
_aباربر، مايكل، _eم. مشارك. |
|
| 700 | 0 |
_aرضوي، سعد، _eم. مشارك. |
|
| 710 | 2 |
_aالسعودية. _bوزارة التعليم العالي. _bمركز البحوث والدراسات، _eمترجم. |
|
| 999 |
_c3665 _d3665 |
||